000 00307nam a2200133Ia 4500
008 191201s2010 xx 000 0 und d
082 _a658.15
_bSHM
100 _aSHREE, Deepa
245 0 _aManagerial Economics
260 _aN. Delhi
_bAne Books
_c2010
300 _aMISC
650 _aBBA
942 _2ddc
_cBK
999 _c4969
_d4969